000 00590cam a2200145 4500500
005 20251012032223.0
041 _afre
042 _adc
100 1 0 _aClerc, Louis
_eauthor
245 0 0 _aClaes Ahlund (dir.), Scandinavia in the First World War. Studies in the War Experience of the Northern Neutrals, Lund, Nordic Academic Press, 2012, 251 p.
260 _c2013.
500 _a12
786 0 _nRevue d'histoire nordique | 17 | 2 | 2013-07-26 | p. 254-260 | 1778-9605
856 4 1 _uhttps://shs.cairn.info/revue-revue-d-histoire-nordique-2013-2-page-254?lang=fr&redirect-ssocas=7080
999 _c1546956
_d1546956